Представление документа в формате RUSMARC

ПолеНазваниеЗначение
  Тип записи a
  Библиографический уровень a
001 Контрольный номер RU/CBS_UL/BASE/555008945
005 Дата корректировки 20250124000048.5
100 Данные общей обработки __
a Данные общей обработки 20170802d2017 ||| 0rusy0189 ca
101 Язык документа 0_
a Язык текста rus
102 Страна публикации __
a Страна публикации RU
105 Кодированные данные (монография) __
a Кодированные данные (монография) y###||||000|y
200 Заглавие и сведения об ответственности 1_
a Заглавие Прототип Штирлица разгадал секретные планы Гитлера по одной фразе
b Общее обозначение материала Текст
e Сведения, относящиеся к заглавию [беседа с историком спецслужб, писателем И. Атаманенко о человеке-легенде, разведчике Н. Кузнецове, ставшем прототипом знаменитого героя произведений Ю. Семёнова]
f Первые сведения об ответственности А. Велигжанина
300 Общие примечания __
a Общие примечания Ограничения по возрасту - 12+
461 Уровень набора _0
1 2000
a Комсомольская правда
463 Уровень физической единицы _0
1 001RU/CBS_UL/BASE/553793607
1 2000
a № 29-т (19-26 июля)
v С. 4-5 : фото
1 210
d 2017
600 Персоналии _0
a Персоналии (Фамилия) Кузнецов
b Персоналии (Имя, инициалы) Н.И.
606 Тематические рубрики 0_
a Основная рубрика Великая Отечественная война - 1941-1945 - Разведчики
606 Тематические рубрики 0_
a Основная рубрика Кузнецов, Николай Иванович (1911-1944)
610 Ключевые слова 0_
a Ключевые слова войны
a Ключевые слова война Великая Отечественная
a Ключевые слова ВОВ
a Ключевые слова участники ВОВ
a Ключевые слова разведчики
a Ключевые слова разведчики советские
a Ключевые слова разведка советская
a Ключевые слова органы государственной безопасности
a Ключевые слова советские сотрудники органов государственной безопасности
a Ключевые слова диверсанты
a Ключевые слова партизаны
a Ключевые слова герои Советского Союза
a Ключевые слова прототипы героев
686 Индексы других классификаций __
a Классификационный индекс 63.3(2)622.78
2 Код системы ББК
686 Индексы других классификаций __
a Классификационный индекс 67.401.212
2 Код системы ББК
700 Автор _1
a Фамилия Велигжанина
b Имя (инициалы) А.
801 Источник записи _0
a Страна RU
b Организация МБУК ЦБС г. Ульяновска
c Дата составления 20170802
g Правила каталогизации RCR
801 Источник записи _1
a Страна RU
b Организация МБУК ЦБС г. Ульяновска
c Дата составления 20170802
g Правила каталогизации RCR
901 Тип документа __
t Тип документа f
w Контрольный № источника RU/CBS_UL/BASE/553793607
910 Корректоры записи __
a Корректор записи Библиотека 1
938 Служебная информация __
a Имя БД period